Szczegóły MARC21

Praktyczne sporządzenie biznesplanu : plan finansowy do biznesplanu opracowany na podstawie arkusza kalkulacyjnego Excel /

003 -Nazwa inst., której nr kontr. jest w polu 001 [,]
    • @
    • Nazwa instytucji, której n kontrolny jest w polu 001
    • NUKAT
005 -DATA I CZAS OSTATNIEJ MODYFIKACJI [,]
    • @
    • pole kontrolne
    • 20241231114006.0
020 -Międzynarod. znormalizowany nr książki - ISBN [ , ]
    • a
    • Numer ISBN
    • 9788379304899 Find
040 -Instytucja sporządzająca opis [ , ]
    • a
    • Instytucja, która sporządziła opis (NP)
    • POZN 004/KSZ
    • c
    • Instytucja, która sporządziła rekord (NP)
    • POZN 004/KSZ
    • d
    • Instytucja, która zmodyfikowała rekord (P)
    • POZN 004/LK
    • d
    • Instytucja, która zmodyfikowała rekord (P)
    • LUBL 64/AWs
942 -Rodzaj dokumentu [ , ]
    • c
    • Rodzaj dokumentu
    • Książka
100 -Hasło główne - nazwa osobowa [1, ]
    • a
    • Nazwa osobowa (NP)
    • Sitkiewicz, Ryszard.
    • 9
    • KHW
    • 85129
245 -Strefa tytułu i oznaczenia odpowiedzialności [1,0]
    • a
    • Tytuł
    • Praktyczne sporządzenie biznesplanu : Find
    • b
    • Ciąg dalszy tytułu (NP)
    • plan finansowy do biznesplanu opracowany na podstawie arkusza kalkulacyjnego Excel / Find
    • c
    • Pozostałe elementy strefy tytułu i oznaczenia odpowiedzialności (NP)
    • Ryszard Sitkiewicz.
260 -Strefa adresu wydawniczego [ , ]
    • a
    • Miejsce wydania (P)
    • Warszawa :
    • b
    • Nazwa wydawcy (P)
    • Difin,
    • c
    • Data wydania (P)
    • 2014.
300 -Strefa opisu fizycznego [ , ]
    • a
    • Określenie formy książki i/lub objętość (NP)
    • 138 s. ;
    • c
    • Format (NP)
    • 23 cm.
336 -Typ zawartości [ , ]
    • a
    • Termin opisujący typ zawartości
    • Tekst
    • b
    • Kod określający zawartość
    • txt
    • 2
    • Źródło (terminu i kodu)
    • rdacontent
337 -Typ mediów [ , ]
    • a
    • Tryb odtwarzania
    • Bez urządzenia pośredniczącego
    • b
    • Kod typu mediów
    • n
    • 2
    • Źródło (terminu i kodu)
    • rdamedia
338 -Typ/rodzaj nośnika [ , ]
    • a
    • Hasło opisujące typ nośnika
    • Wolumin
    • b
    • Kod typu nośnika
    • nc
    • 2
    • Źródło (terminu i kodu)
    • rdacarrier
504 -Uwaga dot. bibliogr. załącznikowej [ , ]
    • a
    • Uwaga dot. bibliografii załącznikowej
    • Bibliogr. s. 137-138.
521 -Uwaga dot. przeznaczenia czytelniczego [8, ]
    • a
    • Uwaga dot. przeznaczenia czytelniczego
    • Dla właścicieli mikro-, małych i średnich przedsiębiorstw, osób rozpoczynających działalność gospodarczą, konsultantów, specjalistów oceniających biznesplany dla mikro-, małych i średnich przedsiębiorstw oraz dla studentów.
080 -Uniwersalna Klasyfikacja Dziesiętna [ , ]
    • 2
    • Identyfikator wydania tablic
    • UDC-P058
    • 9
    • UKD
    • 2184
    • a
    • Symbol klasyfikacji
    • 005.511
    • b
    • Dopowiedzenie
    • Zarządzanie. Biznesplan.
    • 4
    • UKD2
    • 8292
    • x
    • Poddział wspólny
    • (075.4)
    • c
    • Dopowiedzenie poddz. wspólnego
    • (Podręczniki do samokształcenia. Samouczki).
080 -Uniwersalna Klasyfikacja Dziesiętna [ , ]
    • 2
    • Identyfikator wydania tablic
    • UDC-P058
    • 9
    • UKD
    • 2089
    • a
    • Symbol klasyfikacji
    • 004.42
    • b
    • Dopowiedzenie
    • Programy komputerowe.
    • 4
    • UKD2
    • 8292
    • x
    • Poddział wspólny
    • (075.4)
    • c
    • Dopowiedzenie poddz. wspólnego
    • (Podręczniki do samokształcenia. Samouczki).
080 -Uniwersalna Klasyfikacja Dziesiętna [ , ]
    • 2
    • Identyfikator wydania tablic
    • UDC-P058
    • 9
    • UKD
    • 5591
    • a
    • Symbol klasyfikacji
    • 657.41/.45
    • b
    • Dopowiedzenie
    • Rachunkowość finansowa.
    • 4
    • UKD2
    • 8292
    • x
    • Poddział wspólny
    • (075.4)
    • c
    • Dopowiedzenie poddz. wspólnego
    • (Podręczniki do samokształcenia. Samouczki).
650 -Hasło przedmiotowe [ ,7]
    • a
    • Hasło przedmiotowe
    • Biznesplan
    • v
    • Określnik formalny
    • poradniki.
    • 2
    • Źródło terminu
    • kaba
    • 9
    • KHW
    • 352874
980 -Symbol UKD [ , ]
    • a
    • UKD
    • 005.511:004.42:657.41/.45](075.4)
710 -Hasło dodatkowe - nazwa ciała zbiorowego [2, ]
    • a
    • Nazwa ciała zbiorowego lub nazwa geograficzna jako pierwszy element (NP)
    • Difin.
    • 4
    • Kod relacji
    • pbl
    • 9
    • KHW
    • 52248
920 -ISBN [ , ]
    • a
    • ISBN
    • 978-83-7930-489-9 Find
Lokalizacja Data inwentaryzacji Status udost. Numer inwentarzowy Sygnatura
BE2015-01-23-2E.75624 
T2015-01-22-2T.18707T.18707